Legorreta + Legorreta

Salvato in:
Dettagli Bibliografici
Natura: Libro
Lingua:inglese
tedesco
francese
spagnolo
Pubblicazione: Barcelona: LOFT, , 2002
Soggetti:
Tags: Aggiungi Tag
Nessun Tag, puoi essere il primo ad aggiungerne!!

MARC

LEADER 00000nam a22000003a 4500
001 stu78864
005 20141121221324.5
008 030130s2002------------------------eng-d
020 |a 3823855891 
040 |a STU  |b slo 
041 0 |a eng  |a ger  |a fre  |a spa 
245 |a Legorreta + Legorreta 
260 |a Barcelona: LOFT, ,  |c 2002 
300 |a 78 s 
650 7 |a architekti americkí  |2 stusub 
996 |b 284AU00051  |c A*3812 U  |l AAKNAR  |s A  |a 24  |w stu78864_0001